Costa Rica provinces - Statistics

General Stats
  • This quiz has been taken 50 times
  • The average score is 6 of 7
Answer Stats
Answer % Correct
San Jose
100%
Limon
93%
Heredia
86%
Puntarenas
83%
Alajuela
79%
Guanacaste
79%
Cartago
72%
No matching quizzes found
Score Distribution
Percent of People with Each Score
Percentile by Number Answered
Your Score History
You have not taken this quiz